00325cam a22001097a 4500008004000000082001500040100001700055245004800072260004100120300001000161650004400171180718b1972 xxu||||| |||| 00| 0 eng d aR712 C674s aCole, G.D.H. aSelf-government in industrycby G.D.H. Cole aLondonbHutchingon Educationalc1972 a273p. aEmployee's representation in management